000 00985nam0a2200289 4500
001 RU\NLR\bibl\561124
005 20260406041301.0
010 _a5-7107-6297-0
_bДрофа
_97000
021 _aRU
_b2004-41686
_92069
035 _a(NLR Aleph) 000553239
090 _a1485835
_c1485835
100 _a20041011d2002 |||y0rusy50 ca
101 1 _arus
_ceng
102 _aRU
105 _aa |||||||||
200 1 _aЗвезда наемников
_eФантаст. роман
_fУильям Кейт
_g[Пер. с англ. О. Кутуева
_gИл. Джанет Аулизио]
210 _aМ.
_cДрофа
_d2002
215 _a435,[12] с.
_cил.
_d21
225 1 _aBattletech
225 1 _aБоевые роботы
686 _aШ6(7США)67-445{Лх1979-62}
700 1 _4070
_8rus
_7ca
_aКейт
_bУ. Х.
_cмл.
_gУильям Х.
_3RU\NLR\auth\771702
_9111722
801 0 _aRU
_bNLR
_c20041011
_gPSBO
801 1 _aRU
_bNLR
_c20041011
942 _cBOOK
980 _aNB